| 000 | 01242nab a2200217 i 4500 | ||
|---|---|---|---|
| 001 | DO-SdBNP | ||
| 005 | 20260218084716.0 | ||
| 007 | ta | ||
| 008 | 260218e1975 dr qn|p|r||||||0| | spa d | ||
| 040 |
_aDO-SdBNP _bspa _cBNPHU _erda |
||
| 041 | _hspa | ||
| 100 | 1 |
_aBáez, Frank, _d1978- _933651 |
|
| 245 | _aHacia el control nacional del sector azucarero : la Era de Trujillo | ||
| 336 |
_atexto _btxt _2rdacontent |
||
| 337 |
_asin mediación _bn _2rdamedia |
||
| 338 |
_avolumen _bnc _2rdacarrier |
||
| 520 | _aA partir de la postguerra se inicia un proceso de industrialización cuyo ritmo de inversión en el período 1950-58 aún no había sido superado en el 1970. La sociedad dominicana se debatía en un proceso de tránsito de la economía con predominio de enclave a economía controlada nacionalmente, precisamente en un momento en el cual se efectuaba la culminación del proceso de integración y centralización monopólica del capitalismo a nivel mundial, con Estados Unidos, como centro hegemónico. | ||
| 650 |
_960476 _aIndustria azucarera, 1950-1958-República Dominicana |
||
| 773 |
_gVol.1, núm.1 (oct-dic, 1975), páginas.101-153 _gNúm.1 (oct-dic, 1975), páginas.101-153 _tRealidad contemporánea |
||
| 942 |
_2ddc _cISSUE |
||
| 999 |
_c60351 _d60351 |
||